| 000 | 00524nam a2200181Ia 4500 | ||
|---|---|---|---|
| 005 | 20250317125743.0 | ||
| 008 | 008 250317s9999 xx 000 0 eng d | ||
| 037 | _aTextbook | ||
| 040 |
_aFMSL _beng _cFMSL |
||
| 041 |
_aeng _2eng |
||
| 084 |
_aX:8k N7 _qFMSL |
||
| 100 |
_aKeller W _9738199 |
||
| 245 | 0 | _aManagement accounting for profit control | |
| 260 |
_aNew York _bNew York, Tata Mc-Graw Hill _c1977 |
||
| 300 | _a744p | ||
| 942 |
_cTB _hX:8k N7 |
||
| 999 |
_c1260820 _d1260820 |
||